000 00311nam a2200133Ia 4500
005 20251222143109.0
008 251222s9999||||xx |||||||||||||| ||spa||
020 _a84-7583-669-0
082 _a940.21/C81/V.I
100 _aCornell, Tim
245 0 _aEl Mundo del Renacimiento
264 _bFolio
942 _cLIB
999 _c11092
_d11092